000 00531nmm a2200169Ia 4500
008 251105s9999||||xx |||||||||||||||||und||
020 _a0916379450
041 _aspa
100 _aMarino, Nancy
245 0 _aLa Serranilla Española: Notas para su historia e interpretación
264 _a[Washington, Estados Unidos] :
_bScripta Humanistica,
_c1987
300 _a153 páginas
490 _aSpanish Medieval Literature
650 _aSpanish literature
856 _uhttps://public.digitaliapublishing.com/a/280
942 _cCF
999 _c72927
_d72927